| 000 | 00901nam a2200289 4500 | ||
|---|---|---|---|
| 001 | 178022 | ||
| 003 | ES-MaACL | ||
| 005 | 20230901201949.0 | ||
| 008 | 110512s2010 sp |||| |dspa d | ||
| 017 | _aB.1129-2010 | ||
| 020 | _a9788433963048 | ||
| 080 | _a82-31.09 | ||
| 080 | _a808.1:82 | ||
| 100 | 0 |
_aChirbes, Rafael, _d1949-2015 _938549 |
|
| 245 | 1 | 0 |
_aPor cuenta propia _b: leer y escribir / _cRafael Chirbes. |
| 250 | _a1ª ed. | ||
| 260 |
_aBarcelona : _bAnagrama, _c2010. |
||
| 300 |
_a294 p. ; _c22 cm. |
||
| 490 | 1 |
_aColección Argumentos ; _v406 |
|
| 650 | 0 | 7 |
_aNovela- _xHistoria y crítica. _915603 |
| 650 | 0 | 4 |
_aCreación literaria. _911405 |
| 830 | 0 |
_aColección Argumentos ; _v406 _9178071 |
|
| 852 |
_aES-MaACL _9184881 _bR.145725 _jA-11161 _dOlim: N-4166 _cDEPO1 |
||
| 942 |
_2udc _cMONOGRAFIA |
||
| 999 |
_c178022 _d178022 |
||